| 000 | 00420nam a22001577a 4500 | ||
|---|---|---|---|
| 003 | BD-ChCU | ||
| 005 | 20260215140013.0 | ||
| 008 | 260215b bg ||||| |||| 00| 0 ben d | ||
| 040 | _cBD-ChCU | ||
| 082 | _a510.78 TEC | ||
| 100 |
_aTeichroew , Daniel . _920306 |
||
| 245 |
_aComputerized practice set ./ _cDaniel , Teichroew . |
||
| 260 |
_aNew York : _bMcGraw - hill _cC 1964 |
||
| 300 | _aV.P. | ||
| 942 |
_2ddc _cBK _n0 |
||
| 999 |
_c111597 _d111597 |
||